000 00835cab a2200217 4500
001 ABS44231
008 090401t1991 xxu||||| |||| 00| 0 eng d
035 _a(Sirsi) u45988
041 _aeng
245 _aSouth Yorkshire
260 _c1991
350 _a0
490 _aEstates Times
_v(1086) 8 March 1991, 9-22 (12)
520 _aThis Estates Times Survey on South Yorkshire reviews the office retail and industrial market s in Sheffield , Doncaster Barnsley and Rotherham . Profiles the Barnsley Partnership formed between Barnsley Council and Costain as well as Sheffield Development Corporation . Also features county planning issues.
650 _aRENTAL GROWTH
650 _aUDCS
650 _aURBAN RENEWAL
690 _aPROPERTY-COMMERCIAL PROPERTY-COMMERCIAL PROPERTY MARKET
942 _n0
948 _c04/03/1997
999 _c29095
_d29095